[Event "AUTO-ADV-515"]
[Site "http://www.queenalice.com/game.php?id=284611"]
[Date "2007.10.11"]
[Round "2"]
[White "wilbrito"]
[Black "alexnu"]
[Result "0-1"]
[WhiteElo "1736"]
[BlackElo "1892"]

1. e4 e5 2. Bc4 Nc6 3. Nf3 h6 4. O-O Bc5 5. Nc3 d6 6. d3 Bg4 7. Be3 Nd4 8. Bxd4
Bxd4 9. Nd5 Nf6 10. h3 Bh5 11. c3 Bb6 12. Qb3 Bxf3 13. gxf3 O-O 14. f4 Nh5 15.
fxe5 Qg5+ 16. Kh1 Qxe5 17. Nxb6 axb6 18. Rg1 Qf4 19. Qd1 Nf6 20. Rg2 Nd7 21. Qg4
Qxg4 22. Rxg4 Ne5 23. Rg3 Nxc4 24. dxc4 Ra4 25. b3 Ra3 26. h4 Rfa8 27. Rag1 g6
28. h5 g5 29. f4 f6 30. fxg5 fxg5 31. Rf3 Rxa2 32. Rf6 Kg7 33. Rgf1 Ra1 34. Rg6+
Kh7 35. Kg2 Rxf1 36. Kxf1 Ra3 37. Ke2 Rxb3 38. Kd3 Rb1 39. Kd2 Rf1 40. Re6 Rf7
41. Re8 g4 42. Ra8 Kg7 43. Ra1 Rf2+ 44. Ke3 Rf3+ 45. Kd4 Kf6 46. e5+ dxe5+ 47.
Ke4 Rxc3 48. Rf1+ Ke6 0-1

[Event "AUTO-ADV-515"]
[Site "http://www.queenalice.com/game.php?id=284612"]
[Date "2007.10.11"]
[Round "2"]
[White "alexnu"]
[Black "wilbrito"]
[Result "0-1"]
[WhiteElo "1934"]
[BlackElo "1707"]

1. e4 e5 2. Nf3 Nc6 3. Bb5 Nge7 4. Nc3 d6 5. d3 a6 6. Bc4 Nd4 7. Be3 Nxf3+ 8.
gxf3 Bh3 9. f4 exf4 10. Bxf4 Ng6 11. Bg3 Qf6 12. Qh5 Bg2 13. Rg1 Bf3 14. Qa5 b6
15. Qa4+ Kd8 16. Bxa6 Be7 17. Qb5 Bg4 18. Bb7 Ra5 19. Qb3 Qf3 20. Rd1 Rc5 21.
Rd2 Bg5 22. Bxd6 Bxd2+ 23. Kf1 Bh3+ 24. Rg2 Rxc3 25. Bxc7+ Rxc7 26. Qd5+ Rd7 27.
Qxd7+ Kxd7 0-1

[Event "AUTO-INT-545"]
[Site "http://www.queenalice.com/game.php?id=316728"]
[Date "2007.12.7"]
[Round "2"]
[White "mateus_amorim"]
[Black "wilbrito"]
[Result "0-1"]
[WhiteElo "1880"]
[BlackElo "1696"]

1. Nf3 Nf6 2. c4 Nc6 3. e3 e5 4. Nc3 e4 5. Nh4 Bb4 6. g3 d6 7. Be2 Bh3 8. a3
Bxc3 9. bxc3 Be6 10. O-O Ne5 11. Qc2 Bxc4 12. Bxc4 Nxc4 13. Qa4+ Qd7 14. Qxc4
Qh3 15. Ng2 Ng4 16. Re1 Qxh2+ 17. Kf1 Qh1+ 18. Ke2 Qxg2 19. Rf1 Nh2 20. Re1 Qf3#
0-1

[Event "AUTO-INT-545"]
[Site "http://www.queenalice.com/game.php?id=316729"]
[Date "2007.12.7"]
[Round "2"]
[White "wilbrito"]
[Black "mateus_amorim"]
[Result "1-0"]
[WhiteElo "1735"]
[BlackElo "1418"]

1. e4 c5 2. Bc4 e6 3. Nf3 Nc6 4. d3 Qc7 5. Nc3 d6 6. Ng5 Be7 7. Nb5 Qd8 8. Nf3
Nf6 9. Bd2 d5 10. e5 Nd7 11. Bb3 Ndxe5 12. Nxe5 Nxe5 13. Bf4 f6 14. Bxe5 fxe5
15. Qh5+ g6 16. Qxe5 O-O 17. Nc7 Bf6 18. Qg3 Bxb2 19. Rb1 Bc3+ 20. Kd1 Rb8 21.
Nb5 e5 22. Nxc3 e4 23. Bxd5+ 1-0

[Event "AUTO-INT-545"]
[Site "http://www.queenalice.com/game.php?id=316734"]
[Date "2007.12.7"]
[Round "2"]
[White "lucasboth"]
[Black "wilbrito"]
[Result "1-0"]
[WhiteElo "2124"]
[BlackElo "1732"]

1. e4 e5 2. Nf3 Nc6 3. Bc4 Nf6 4. d4 Nxe4 5. dxe5 Bc5 6. Qd5 O-O 7. Qxe4 d6 8.
Bg5 Qd7 9. Nc3 dxe5 10. Bd3 g6 11. Nxe5 Nxe5 12. O-O-O Ng4 13. Bc4 Qf5 14. Rd5
Qxe4 15. Nxe4 Bb6 16. Rd2 Be6 17. Bxe6 fxe6 18. Re1 Bxf2 19. Nxf2 Nxf2 20. Rxe6
c5 21. Re7 Ng4 22. Rdd7 Rf1+ 23. Kd2 Rf2+ 24. Kd3 h6 25. Bh4 Rf5 26. Bg3 Nf6 27.
Rxb7 Rd8+ 28. Kc4 Rd4+ 29. Kb3 1-0

[Event "AUTO-INT-545"]
[Site "http://www.queenalice.com/game.php?id=316735"]
[Date "2007.12.7"]
[Round "2"]
[White "wilbrito"]
[Black "lucasboth"]
[Result "0-1"]
[WhiteElo "1738"]
[BlackElo "2121"]

1. e4 c5 2. Bc4 Nf6 3. Nc3 e6 4. e5 d5 5. Bb5+ Nfd7 6. Nh3 a6 7. Bxd7+ Nxd7 8.
d4 cxd4 9. Qxd4 Bc5 10. Qg4 Qc7 11. O-O O-O 12. Bh6 Qxe5 13. Rae1 Qf6 14. Be3 b6
15. Bg5 Qd4 16. Qg3 Nf6 17. Rd1 Qg4 18. Bxf6 Qxg3 19. hxg3 gxf6 20. Kh2 b5 21.
Nf4 Bb7 22. Nh5 Be7 23. Rd4 f5 24. g4 b4 25. Ne2 e5 26. Rd3 fxg4 27. f3 Rac8 28.
fxg4 Rxc2 0-1